Rebecca Marder - Statistiques

Statistiques générales
  • Ce quiz a été pris 16 fois
  • Le résultat moyen est 8 sur 10
Statistiques - réponses
Par images Réponse % Correct
La Rafle
100%
Mon Crime
83%
Une jeune fille qui va bien
83%
Un homme pressé
83%
De grandes espérances
67%
Demandez la permission aux enfants
67%
La Daronne
67%
La grande magie
67%
Les goûts et les couleurs
67%
Simone, le voyage du siècle
67%
Aucun quiz correspondant
Distribution des résultats
% des personnes avec chaque résultat
Percentile par nombre de réponses
Votre historique - résultats
Vous n’avez pas pris ce quiz